00985cam a22002775a 450000100100000000500170001000800410002702000180006808200240008610000280011024500450013826000580018330000470024149000350028850000240032350000280034750000270037550400310040265000250043365100100045865300200046865500240048894200240051299900170053695201540055301260248420150528114407.0950424r20091995enkad frbd f001 0 eng d a978019828316404a330.015195bHEN2221 aHendry, David F.93809610aDynamic econometrics /cDavid F. Hendry. aOxford ;aNew York :bOxford University Press,c2009. axxxiv, 869 p. :bcharts , tables ;c24 cm.0 aAdvanced texts in econometrics aIndex : p. 853-869. aReprint of the 1995 ed. aGlossary : p. 848-851. aBibliography : p. 819-845. 0aEconometrics.2BUEsh 2BUEsh bBUSECOcMay2015 vreading book934232 2ddck330.015195 HEN c19454d19426 00102ddc40708BaccahaMAINbMAINc1STd2015-05-26epurchaseg580.00l2m25o330.015195 HENp000038316r2025-07-15 00:00:00s2022-02-07v725.00yBB